Statistiken für UNCO Kontenplan

Klicken Sie hier um das Quiz zu spielen!

Allgemein

  • Dieses Quiz wurde 6 mal gespielt
  • Das Durchschnittsergebnis liegt bei 8 aus 15

Antwortstatistiken

FrageAntwort% Korrekt
Gegebene Darlehen2
80%
Rückstellungen3
80%
Zuweisungen an die Pensionsrückstellung6
80%
Taxikosten7
80%
Verlustanteil Kommanditist9
80%
Freie Rücklage9
80%
PRA3
60%
Provisionserträge4
60%
Freiwilliger Sozialaufwand6
60%
Patentrechte, Lizenzen0
40%
Eigenverbrauch 0%4
40%
Umsatzbonus auf Wareneinkauf 10%5
40%
Bezugsverrechnung1
20%
Aktien des Umlaufvermögens2
20%
Bestandsveränderungen4
20%

Verteilung der Resultate

Perzentil nach korrekt beantworteten Fragen

Anzahl Personen mit jedem Resultat

Ihre Resultats-Entwicklung

Sie haben dieses Quiz noch nicht gespielt